1562 1617 1098 1261 1509 1828 1462 1625 1966 1097 1663 1830 1175 1489 1706 1118 1289 1462 1178 1476 1120 1806 1952 1511 1294 1491 1027 1239 1779 1875 1355 1753 1728 1031 1938 1594 1813 1640 1830 1681 1759 1080 1493 1989 1048 1756 1856 1047 1724 1490 1587 1720 1484 1163 1511 1437 1015 1055 1837 1780 1908 1288 1044 1347 1414 1430 1922 1401 1510 1719 1408 1290 1674 1931 1389 1395 1245 1059 1018 1058 1243 1434 1638 1570 1398 1167 1445 1229 1803 1629 1870 1488 1707 1405 1955 1157 1952 1363 1425 BCNSPRNW ULIB Ver.6.0+V

เปลี่ยนเป็นภาษาไทย

Change to English
 แสดงรายละเอียดบรรณานุกรม
  กลับหน้าหลัก

Brief Record : Get Marc (ISO 2709) : E-mail record : QR code < ปิดหน้าต่าง
LEADER : 00000nam 2200000uu 4500
001    13399129017
003     ULIB
008    250515s2567||||th 000 0 tha d
020    ^a9786169321330
060  4 ^aWY150^bภ927น
100 0  ^aภัทรารัตน์ ตันนุกิจ, สุวดี สุขีนิตย์, จิราพร เชาว์โพธิ์ทอง,^eบรรณาธิการ.
245 0   ^aแนวทางการพยาบาลผู้ป่วยได้รับสารน้ำทางหลอดเลือดดำ^c/ กองบรรณาธิการ, ภัทรารัตน์ ตันนุกิจ, สุวดี สุขีนิตย์, จิราพร เชาว์โพธิ์ทอง.
260    ^aaกรุงเทพฯ :^bสมาคมเครือข่ายพยาบาลผู้ให้สารน้ำทางหลอดเลือดดำ,^c2567.
300    ^aa148 หน้า :^bภาพประกอบ.
505 0  ^aมาตรฐานของแนวทางการพยาบาลผู้ป่วยได้รับสารน้ำทางหลอดเลือดดำ -- การให้ความรู้แก่ผู้ป่วย/ญาติ/ผู้ดูแลผู้ป่วยที่ได้รับสารน้ำ/ยา/เลือดและส่วนประกอบของเลือด -- การบันทึกทางการพยาบาล -- การเลือกตำแหน่งในการให้สารน้ำ/ยา/เลือดและส่วนประกอบของเลือดและการแทงสายสวนหลอดเลือดดำ -- การดูแลบริเวณตำแหน่งที่ให้สารน้ำ/ยา/เลือดและส่วนประกอบของเลือด -- การจัดการอุปกรณ์ที่เกี่ยวข้องกับการให้สารน้ำทางหลอดเลือดดำ -- การล้างและหล่อสายสวนหลอดเลือดดำ -- การป้องกันและควบคุมการติดเชื้อจากการให้สารน้ำ/ยา/เลือดและส่วนประกอบของเลือด -- ภาวะแทรกซ้อนจากการให้สารน้ำทางหลอดเลือดดำ -- การบริหารยาหลายรายการพร้อมกันทางหลอดเลือดดำ -- การให้เลือดและส่วนประกอบของเลือด -- การให้สารอาหารทางหลอดเลือดดำ -- การจัดการกรณีผู้ป่วยหาเส้นเลือดยาก -- การพยาบาลผู้ป่วยใส่สายสวนหลอดเลือดดำส่วนกลาง.
650  4 ^aการให้สารละลายทางหลอดเลือดดำ^xการพยาบาล
700 0  ^aจิราพร เชาว์โพธิ์ทอง
700 0  ^aภัทรารัตน์ ตันนุกิจ
700 0  ^aสุวดี สุขีนิตย์
710 2  ^aสมาคมเครือข่ายพยาบาลผู้ให้สารน้ำทางหลอดเลือดดำ
945    ^p600^l0^i011447
999    ^aประนอม เกษจรัล
รายการนี้ยังไม่มีแท็ก
คุณยังไม่ได้ล็อกอิน คุณสามารถมีกิจกรรมร่วมกับเว็บไซต์ได้ แต่ต้องล็อกอินก่อน ::
  ล็อกอิน

รายการสื่อสารสนเทศ

ลำดับที่ ประเภท เลขเรียก/บาร์โค้ด สถานที่ สถานะ
1. Book การพยาบาล
หนังสือสำรอง
สถานะ=หนังสือสำรอง
WY150 ภ927น ฉ.1 
  Barcode: 011447
ห้องสมุดวิทยาเขตสวรรค์ประชารักษ์
►หนังสือทั่วไป
บนชั้น

BibComment


ยังไม่เคยถูกคอมเมนท์

คอมเมนท์ทรัพยากรรายการนี้
  คอมเมนท์: แนวทางการพยาบาล..


 Copyright 2026. Bcnsprnw @Library